[Event "London Classic Open 2017"]
[Site "London ENG"]
[Date "2017.12.08"]
[Round "8.25"]
[White "Paterek, Michal"]
[Black "Das, Sayantan"]
[Result "1/2-1/2"]
[WhiteTitle "FM"]
[BlackTitle "IM"]
[WhiteElo "2315"]
[BlackElo "2442"]
[WhiteFideId "1116142"]
[BlackFideId "5034426"]
[EventDate "2017.12.02"]

1. d4 e6 2. Nf3 Nf6 3. Bf4 c5 4. e3 b6 5. Nbd2 Bb7 6. Bd3 Be7 7. h3 O-O 8. Qe2
Nc6 9. c3 d6 10. O-O Re8 11. Rad1 Qc7 12. Bh2 cxd4 13. exd4 Bf8 14. Rfe1 Rad8
15. Nc4 b5 16. Ne3 b4 17. c4 Qc8 18. Bc2 Nb8 19. Ng4 Nxg4 20. hxg4 g6 21. Ba4
Bc6 22. Bb3 a5 23. Qc2 e5 24. dxe5 Qxg4 25. Rd4 Qd7 26. Qd1 Bxf3 27. Qxf3 Na6
28. Red1 Qe7 1/2-1/2

[Event "London Classic Open 2017"]
[Site "London ENG"]
[Date "2017.12.08"]
[Round "8.26"]
[White "Wells, Peter K"]
[Black "Ojas, Kulkarni"]
[Result "1-0"]
[WhiteTitle "GM"]
[WhiteElo "2441"]
[BlackElo "2278"]
[WhiteFideId "400327"]
[BlackFideId "25040073"]
[EventDate "2017.12.02"]

1. e4 c5 2. c3 Nf6 3. e5 Nd5 4. Nf3 e6 5. d4 cxd4 6. cxd4 d6 7. Bc4 Be7 8. O-O
O-O 9. Re1 b6 10. Bxd5 exd5 11. Nc3 Be6 12. exd6 Bxd6 13. Ng5 Nc6 14. Qd3 g6 15.
Nxe6 fxe6 16. Rxe6 Rxf2 17. Rxg6+ hxg6 18. Qxg6+ Kh8 19. Qh6+ Kg8 20. Qg6+ Kh8
21. Qh6+ Kg8 22. Kxf2 Qf8+ 23. Kg1 Qxh6 24. Bxh6 Nxd4 25. Nxd5 Kh7 26. Bd2 Bc5
27. Kh1 Rd8 28. Nf6+ Kg6 29. Ne4 Kf5 30. Ng3+ Kg4 31. Re1 1-0

[Event "London Classic Open 2017"]
[Site "London ENG"]
[Date "2017.12.08"]
[Round "8.27"]
[White "Ladron De Guevara Pinto, Paolo"]
[Black "Lyell, Mark"]
[Result "1-0"]
[WhiteTitle "IM"]
[BlackTitle "FM"]
[WhiteElo "2422"]
[BlackElo "2264"]
[WhiteFideId "2290847"]
[BlackFideId "402354"]
[EventDate "2017.12.02"]

1. Nf3 f5 2. d3 Nc6 3. e4 e5 4. Nc3 Nf6 5. Bg5 Bb4 6. Nd2 O-O 7. Nd5 d6 8. c3
Bc5 9. Nxf6+ gxf6 10. Bh6 Re8 11. exf5 Bxf5 12. Qf3 Bg6 13. h4 Kh8 14. h5 e4 15.
dxe4 Bxe4 16. Nxe4 d5 17. O-O-O dxe4 18. Qg4 Qe7 19. Rd7 Rg8 20. Qf5 Qxd7 21.
Qxd7 Ne5 22. Qxc7 Bxf2 23. Qxb7 Ng4 24. Bg7+ 1-0

[Event "London Classic Open 2017"]
[Site "London ENG"]
[Date "2017.12.08"]
[Round "8.28"]
[White "Krishna, C R G"]
[Black "Soham, Das"]
[Result "1/2-1/2"]
[WhiteTitle "IM"]
[WhiteElo "2421"]
[BlackElo "2263"]
[WhiteFideId "5018625"]
[BlackFideId "35026763"]
[EventDate "2017.12.02"]

1. Nf3 f5 2. b3 d6 3. d4 g6 4. Bb2 Bg7 5. g3 Nf6 6. Bg2 O-O 7. O-O c6 8. Nbd2 a5
9. c4 Na6 10. a3 e5 11. dxe5 Nd7 12. b4 Nxe5 13. Nd4 Bd7 14. Bc3 Qe7 15. Qb3 Kh8
16. Rae1 f4 17. Bb2 g5 18. Rd1 Rae8 19. Nc2 Be6 20. Nd4 Bd7 21. Nc2 Be6 1/2-1/2

[Event "London Classic Open 2017"]
[Site "London ENG"]
[Date "2017.12.08"]
[Round "8.29"]
[White "Sundararajan, Kidambi"]
[Black "Lercel, Michal"]
[Result "1-0"]
[WhiteTitle "GM"]
[WhiteElo "2419"]
[BlackElo "2244"]
[WhiteFideId "5005370"]
[BlackFideId "1114700"]
[EventDate "2017.12.02"]

1. d4 Nf6 2. c4 g6 3. Nc3 Bg7 4. e4 d6 5. h3 c6 6. Nf3 O-O 7. Bg5 Qa5 8. Bd3 c5
9. dxc5 Qxc5 10. O-O Nc6 11. Rc1 h6 12. Be3 Qa5 13. Qd2 Kh7 14. Qe2 Be6 15. Nd5
Nd7 16. a3 Rfc8 17. Bb1 Nde5 18. Nd2 Nd7 19. Nf3 Nde5 20. Nh4 Nd7 21. f4 Bxd5
22. exd5 Nd4 23. Qd1 Qb6 24. f5 Qxb2 25. fxg6+ fxg6 26. Bxg6+ Kh8 27. Rf2 Qb6
28. Nf5 1-0

[Event "London Classic Open 2017"]
[Site "London ENG"]
[Date "2017.12.08"]
[Round "8.30"]
[White "Martins, David Pires Tavares"]
[Black "Ronka, Erik"]
[Result "1-0"]
[WhiteTitle "IM"]
[WhiteElo "2400"]
[BlackElo "2260"]
[WhiteFideId "1909991"]
[BlackFideId "505080"]
[EventDate "2017.12.02"]

1. b3 e5 2. Bb2 Nc6 3. e3 d5 4. Bb5 Bd6 5. Nf3 f6 6. c4 a6 7. Bxc6+ bxc6 8. Qc2
Be6 9. O-O Nh6 10. cxd5 cxd5 11. Qc6+ Kf7 12. Ba3 Bxa3 13. Nxa3 Qd7 14. Rac1
Rhc8 15. Nb1 Ng8 16. Qxd7+ Bxd7 17. Rc5 Ne7 18. Rfc1 Ra7 19. d4 e4 20. Nfd2 Ke6
21. Nc3 Rb8 22. f3 f5 23. fxe4 fxe4 24. Ndxe4 c6 25. Ng5+ Kd6 26. Nxh7 Nf5 27.
Ng5 Nxe3 28. Re1 Nf5 29. Nxd5 Nxd4 30. Ne4+ Ke6 31. Nf4+ Kf7 32. Nd6+ Kg8 33.
Ng6 Kh7 34. Ne7 g6 35. Rg5 Nb5 36. Nxb5 axb5 37. Rxg6 Re8 38. Rg5 Rxa2 39. Re4
Ra1+ 40. Kf2 Kh6 41. Rg6+ Kh5 42. Re5+ Kh4 43. Rg4+ Kxg4 44. h3+ Kf4 45. Ng6# 1-0

[Event "London Classic Open 2017"]
[Site "London ENG"]
[Date "2017.12.08"]
[Round "8.31"]
[White "Risting, Eivind Olav"]
[Black "Milliet, Sophie"]
[Result "1/2-1/2"]
[WhiteTitle "FM"]
[BlackTitle "IM"]
[WhiteElo "2279"]
[BlackElo "2392"]
[WhiteFideId "1517333"]
[BlackFideId "623725"]
[EventDate "2017.12.02"]

1. d4 Nf6 2. c4 c5 3. d5 g6 4. Nc3 Bg7 5. e4 O-O 6. Nf3 d6 7. Be2 e6 8. O-O Re8
9. Nd2 Na6 10. f4 exd5 11. cxd5 Nc7 12. Bf3 b6 13. e5 dxe5 14. fxe5 Nfxd5 15.
Nxd5 Nxd5 16. Nc4 Be6 17. Nd6 Bxe5 18. Nxe8 Qxe8 19. Qe2 f6 20. Kh1 Rd8 21. Bg5
Bf7 22. Bxd5 Bxd5 23. Bxf6 Bxf6 24. Qxe8+ Rxe8 25. Rxf6 Re2 26. Rd6 Rd2 27. Kg1
Rxg2+ 28. Kf1 Rxh2 29. Re1 Rh1+ 30. Kf2 Rxe1 31. Kxe1 Bxa2 32. Rd8+ Kg7 33. Rd7+
Bf7 34. Rxa7 c4 35. Rb7 Kf6 36. Rxb6+ Be6 37. Kf2 h5 38. Rb8 g5 39. Rb5 h4 40.
Rc5 Kg6 41. Kf3 Kf6 42. Kf2 Kg6 43. Kf3 Kf6 44. Kf2 1/2-1/2

[Event "London Classic Open 2017"]
[Site "London ENG"]
[Date "2017.12.08"]
[Round "8.32"]
[White "Mozes, Ervin"]
[Black "Akash Pc, Iyer"]
[Result "0-1"]
[WhiteTitle "IM"]
[WhiteElo "2177"]
[BlackElo "2390"]
[WhiteFideId "1200151"]
[BlackFideId "5006775"]
[EventDate "2017.12.02"]

1. g3 d5 2. Bg2 e5 3. c4 d4 4. b4 a5 5. Qa4+ Bd7 6. b5 Na6 7. Ba3 Bxa3 8. Qxa3
Nb4 9. Qb2 Bf5 10. Na3 c6 11. Nf3 Qe7 12. O-O Nf6 13. d3 O-O 14. Rac1 h6 15. Nb1
cxb5 16. a3 Na6 17. Qxb5 Nc5 18. Nbd2 Bd7 19. Qb1 Qd6 20. Rc2 Rab8 21. Qa2 Na4
22. c5 Qc7 23. Nc4 Rfe8 24. Rfc1 Nc3 25. Rxc3 dxc3 26. Nd6 Re7 27. Rxc3 b6 28.
Nd2 bxc5 29. N2e4 Nxe4 30. Nxe4 Qb6 31. Rxc5 Qb1+ 32. Qxb1 Rxb1+ 33. Bf1 Bh3 34.
Nd2 Rd1 35. f3 Rxd2 36. Bxh3 Rxe2 37. Rxa5 Rc7 38. Kf1 Rxh2 0-1

[Event "London Classic Open 2017"]
[Site "London ENG"]
[Date "2017.12.08"]
[Round "8.33"]
[White "Sai Agni Jeevitesh, J"]
[Black "Haribalu, V."]
[Result "1-0"]
[WhiteTitle "FM"]
[WhiteElo "2384"]
[BlackElo "2205"]
[WhiteFideId "5070147"]
[BlackFideId "5015189"]
[EventDate "2017.12.02"]

1. d4 d5 2. c4 c6 3. Nf3 Nf6 4. g3 g6 5. Bg2 Bg7 6. O-O O-O 7. b3 Ne4 8. Bb2 Be6
9. Na3 a6 10. Nd2 Nxd2 11. Qxd2 Qd7 12. Rfd1 a5 13. Rac1 b5 14. cxb5 cxb5 15.
Rc5 b4 16. Nc2 Rd8 17. Ne3 Qb7 18. Rdc1 a4 19. bxa4 Rxa4 20. Nxd5 Bxd5 21. Bxd5
Rxd5 22. Rc8+ Bf8 23. R1c7 Qa6 24. Rxb8 g5 25. Rcc8 Qh6 26. e4 Rda5 27. d5 f6
28. d6 1-0

[Event "London Classic Open 2017"]
[Site "London ENG"]
[Date "2017.12.08"]
[Round "8.34"]
[White "Guo, Emma"]
[Black "Zujev, Oleg"]
[Result "0-1"]
[WhiteTitle "WIM"]
[WhiteElo "2081"]
[BlackElo "2381"]
[WhiteFideId "3200795"]
[BlackFideId "12801585"]
[EventDate "2017.12.02"]

1. d4 Nf6 2. c4 g6 3. Nc3 d5 4. Nf3 Bg7 5. h4 c6 6. cxd5 cxd5 7. Bf4 Nc6 8. e3
O-O 9. Qb3 Na5 10. Qa3 Bf5 11. Be2 a6 12. Ne5 Rc8 13. h5 Ne4 14. Nxe4 dxe4 15.
Rd1 f6 16. Ng4 g5 17. b4 Nc4 18. Qb3 b5 19. Bg3 Qd7 20. Nh2 Be6 21. Nf1 Bd5 22.
a3 Qe6 23. Qc3 f5 24. Bxc4 Rxc4 25. Qb2 Rfc8 26. Be5 Rc2 27. Qa1 Ra2 28. Qb1
Rcc2 29. Nd2 Bxe5 30. dxe5 Qxe5 31. O-O Rxd2 32. Rxd2 Rxd2 33. Qc1 Ra2 34. Qc8+
Kg7 35. Qxa6 Bc4 0-1

[Event "London Classic Open 2017"]
[Site "London ENG"]
[Date "2017.12.08"]
[Round "8.35"]
[White "Sumit, Kumar"]
[Black "Fodor, Tamas Jr."]
[Result "0-1"]
[BlackTitle "GM"]
[WhiteElo "2176"]
[BlackElo "2496"]
[WhiteFideId "5054010"]
[BlackFideId "723762"]
[EventDate "2017.12.02"]

1. e4 e6 2. d4 d5 3. Nc3 Bb4 4. e5 Ne7 5. a3 Bxc3+ 6. bxc3 b6 7. Qg4 Ng6 8. h4
h5 9. Qd1 Ba6 10. Bxa6 Nxa6 11. Bg5 Qd7 12. Ne2 Ne7 13. Ng3 g6 14. O-O O-O-O 15.
Re1 Rdf8 16. Re3 Nc6 17. Rf3 Na5 18. Rf6 Kb7 19. Qf3 Nb8 20. Nf1 Nc4 21. Nd2
Nxd2 22. Bxd2 Qa4 23. Rxf7 Rxf7 24. Qxf7 Qxc2 25. Bg5 Qf5 26. Bf6 Rc8 27. Re1
Ka6 28. Re3 c5 29. dxc5 Rxc5 30. Rf3 Qg4 31. Rg3 Qd1+ 32. Kh2 d4 33. cxd4 Rc1
34. Rxg6 Qg1+ 35. Kg3 Rc3+ 36. f3 Rc2 37. Kf4 Qc1+ 38. Kg3 Qd2 39. Kh2 Nc6 40.
Qd7 Qf4+ 41. Kg1 Rc1+ 42. Kf2 Qd2+ 43. Kg3 Rg1 0-1

[Event "London Classic Open 2017"]
[Site "London ENG"]
[Date "2017.12.08"]
[Round "8.36"]
[White "Elsness, Frode"]
[Black "Hill, Alistair"]
[Result "1-0"]
[WhiteTitle "IM"]
[WhiteElo "2477"]
[BlackElo "2179"]
[WhiteFideId "1501100"]
[BlackFideId "432407"]
[EventDate "2017.12.02"]

1. d4 Nf6 2. c4 g6 3. f3 e6 4. e4 d5 5. cxd5 exd5 6. Nc3 Bg7 7. e5 Nfd7 8. Nxd5
O-O 9. f4 c5 10. Nf3 Nc6 11. dxc5 Nxc5 12. Bc4 Be6 13. Be3 Na5 14. Bxc5 Nxc4 15.
Bxf8 Qxf8 16. b3 Bxd5 17. Qxd5 Ne3 18. Qd2 Qc5 19. Rc1 Qb6 20. Rc3 Nf5 21. g4
Nh6 22. Qd4 Qa6 23. h3 Qxa2 24. O-O Bf8 25. Rfc1 Qa6 26. Rc8 Rxc8 27. Rxc8 Kg7
28. e6+ f6 29. Qd7+ 1-0

[Event "London Classic Open 2017"]
[Site "London ENG"]
[Date "2017.12.08"]
[Round "8.37"]
[White "Caglar, Sila"]
[Black "Zhou, Yang-Fan"]
[Result "0-1"]
[WhiteTitle "WFM"]
[BlackTitle "IM"]
[WhiteElo "2167"]
[BlackElo "2459"]
[WhiteFideId "6364063"]
[BlackFideId "468584"]
[EventDate "2017.12.02"]

1. e4 c5 2. Nf3 d6 3. d4 Nf6 4. Nc3 cxd4 5. Nxd4 g6 6. Be3 a6 7. f3 b5 8. Qd2
Bb7 9. a4 b4 10. Na2 a5 11. Bb5+ Nbd7 12. c3 bxc3 13. Nxc3 Bg7 14. O-O O-O 15.
Rfc1 Nc5 16. Ra3 Nfd7 17. Nce2 Ne5 18. b4 axb4 19. Qxb4 Ba6 20. Rd1 Qc7 21. Nf4
Qb7 22. Nb3 Nc6 23. Nxc5 Nxb4 24. Nxb7 Bxb5 25. Rb3 Bxa4 26. Rxb4 Bxd1 27. Nd5
Rfe8 28. Nc7 Kf8 29. Nxa8 Rxa8 30. Rb5 Bc3 31. Bb6 Ra1 32. Kf2 Ba4 33. Rg5 Rb1
34. Ba5 Bd4+ 35. Ke2 Rxb7 36. Kd3 e5 37. Rg3 Rb2 38. Rh3 Bb5# 0-1

[Event "London Classic Open 2017"]
[Site "London ENG"]
[Date "2017.12.08"]
[Round "8.38"]
[White "Hebden, Mark L"]
[Black "Stone, Andrew M"]
[Result "1/2-1/2"]
[WhiteTitle "GM"]
[WhiteElo "2445"]
[BlackElo "2170"]
[WhiteFideId "400084"]
[BlackFideId "404985"]
[EventDate "2017.12.02"]

1. d4 d5 2. Nf3 Nf6 3. c4 e6 4. Bg5 Bb4+ 5. Nc3 dxc4 6. e4 b5 7. a4 c5 8. dxc5
Qxd1+ 9. Rxd1 a6 10. Be2 O-O 11. Bxf6 gxf6 12. axb5 axb5 13. Nd4 Ra2 14. Nxb5
Rxb2 15. O-O Bxc5 16. Bxc4 Rb4 17. Be2 Ba6 18. Rb1 Nc6 19. Rfc1 Bxb5 20. Nxb5
Rxb1 21. Rxb1 Nd4 22. Kf1 Nxb5 23. Rxb5 Ra8 24. Bc4 Bd4 25. Ke2 Rc8 26. Bb3 Rc7
27. g3 Kg7 28. Rb4 Bc5 29. Rb8 Ba7 30. Re8 Rb7 31. Bc2 Rc7 32. Bd3 h6 33. h4 Bd4
34. h5 Ba7 35. f4 Bc5 36. Rb8 Ba7 37. Rb4 Bc5 38. Ra4 Ra7 39. Rc4 Rc7 40. Kf3
Bb6 41. Rb4 Rc3 42. Ke2 Bf2 43. g4 Bg3 44. Kd2 Be1+ 45. Kxe1 Rxd3 46. Kf2 Ra3 1/2-1/2

[Event "London Classic Open 2017"]
[Site "London ENG"]
[Date "2017.12.08"]
[Round "8.39"]
[White "Schut, Han"]
[Black "Arjun, Kalyan"]
[Result "1/2-1/2"]
[WhiteElo "2161"]
[BlackElo "2419"]
[WhiteFideId "1005561"]
[BlackFideId "35018701"]
[EventDate "2017.12.02"]

1. e4 e5 2. Nf3 Nc6 3. Bc4 Bc5 4. b4 Bxb4 5. c3 Ba5 6. d4 d6 7. Qb3 Qd7 8. dxe5
Bb6 9. a4 Na5 10. Qa2 Nxc4 11. Qxc4 Ne7 12. exd6 cxd6 13. a5 Bc5 14. Nbd2 O-O
15. O-O Qg4 16. Qd3 Be6 17. Re1 Ng6 18. Nf1 Nf4 19. Bxf4 Qxf4 20. Nd4 d5 21. Ng3
Rac8 22. Re3 Bxd4 23. Qxd4 dxe4 24. Nh5 Qg5 25. Rg3 Bg4 26. Qxg7+ Qxg7 27. Nxg7
Kxg7 28. Rxg4+ 1/2-1/2

[Event "London Classic Open 2017"]
[Site "London ENG"]
[Date "2017.12.08"]
[Round "8.40"]
[White "Olson, Hamish"]
[Black "Bates, Richard A"]
[Result "1/2-1/2"]
[BlackTitle "IM"]
[WhiteElo "2146"]
[BlackElo "2378"]
[WhiteFideId "2404257"]
[BlackFideId "403555"]
[EventDate "2017.12.02"]

1. d4 Nf6 2. Nf3 d5 3. c4 e6 4. Nc3 Bb4 5. cxd5 exd5 6. Bg5 Nbd7 7. Qa4 Bxc3+ 8.
bxc3 h6 9. Bxf6 Qxf6 10. Qa3 c5 11. e3 O-O 12. Bb5 cxd4 13. cxd4 Nb6 14. O-O Bh3
15. Kh1 Bf5 16. Rac1 a6 17. Be2 Bg4 18. Rc7 Nc4 19. Bxc4 dxc4 20. Qe7 Qxe7 21.
Rxe7 Bxf3 22. gxf3 b5 23. Rc1 Rfc8 24. a3 a5 25. Rb7 b4 26. axb4 a4 27. d5 a3
28. d6 a2 29. d7 Rd8 30. Ra1 Kf8 1/2-1/2

[Event "London Classic Open 2017"]
[Site "London ENG"]
[Date "2017.12.08"]
[Round "8.41"]
[White "Gourlay, Iain"]
[Black "Stanisz, Patryk"]
[Result "1-0"]
[WhiteTitle "FM"]
[WhiteElo "2378"]
[BlackElo "2150"]
[WhiteFideId "2401533"]
[BlackFideId "1123106"]
[EventDate "2017.12.02"]

1. Nf3 g6 2. c4 Bg7 3. Nc3 e5 4. g3 d6 5. Bg2 Nc6 6. Rb1 f5 7. O-O Nf6 8. b4 h6
9. b5 Ne7 10. d3 g5 11. Ba3 a6 12. c5 Ned5 13. Nxd5 Nxd5 14. Qb3 Ne7 15. cxd6
cxd6 16. Nd2 axb5 17. Qxb5+ Bd7 18. Qb3 Nc8 19. Nc4 Ba4 20. Qxb7 Ra7 21. Nxd6+
Qxd6 22. Qxc8+ Kf7 23. Qxf5+ Qf6 24. Bd5+ 1-0

[Event "London Classic Open 2017"]
[Site "London ENG"]
[Date "2017.12.08"]
[Round "8.42"]
[White "Van Zyl-Rudd, Jack"]
[Black "Arakhamia-Grant, Ketevan"]
[Result "1/2-1/2"]
[WhiteTitle "FM"]
[BlackTitle "GM"]
[WhiteElo "2153"]
[BlackElo "2350"]
[WhiteFideId "14309017"]
[BlackFideId "13600168"]
[EventDate "2017.12.02"]

1. d4 Nf6 2. c4 g6 3. Nc3 Bg7 4. e4 d6 5. h3 O-O 6. Be3 c5 7. Nf3 cxd4 8. Nxd4
Nc6 9. Be2 Bd7 10. O-O Nxd4 11. Bxd4 Bc6 12. Qc2 a5 13. Rad1 Nd7 14. Nd5 Bxd4
15. Rxd4 e5 16. Rd2 Nc5 17. f4 exf4 18. Rxf4 Bxd5 19. Rxd5 Qe7 20. Qd2 Nxe4 21.
Qe3 Rfe8 22. Bd3 Nc5 23. Qxe7 Rxe7 24. Rxd6 Rae8 25. Rd5 b6 26. Rf6 Re6 27. Rxe6
Rxe6 28. Kf2 h5 29. Bc2 Kg7 30. a3 a4 31. Rd8 h4 32. Ra8 g5 33. Bxa4 Nd3+ 34.
Kf3 Ne5+ 35. Kf2 Nd3+ 36. Kf3 Nxb2 37. Bb5 f5 38. Rd8 Re4 39. Rd7+ Kf6 40. Rd6+
Ke7 41. Rd5 Rf4+ 42. Ke2 Ke6 43. Bd7+ Kf6 44. c5 bxc5 45. Rxc5 Re4+ 46. Kf3 Rf4+
47. Ke2 Re4+ 48. Kf3 Rf4+ 49. Ke2 1/2-1/2

[Event "London Classic Open 2017"]
[Site "London ENG"]
[Date "2017.12.08"]
[Round "8.43"]
[White "Sedykh, Mikhail"]
[Black "Radovanovic, Jovica"]
[Result "1/2-1/2"]
[BlackTitle "FM"]
[WhiteElo "2143"]
[BlackElo "2320"]
[WhiteFideId "447498"]
[BlackFideId "915912"]
[EventDate "2017.12.02"]

1. e4 c5 2. c3 d5 3. exd5 Qxd5 4. d4 Nf6 5. Nf3 Bg4 6. Be2 e6 7. h3 Bh5 8. Na3
Nc6 9. O-O cxd4 10. Nb5 Rc8 11. Nfxd4 Bxe2 12. Qxe2 Nxd4 13. Nxd4 a6 14. Rd1 Be7
15. Nb3 Qf5 16. Be3 O-O 17. c4 Rfd8 18. Bb6 Rxd1+ 19. Rxd1 h5 20. a3 e5 21. Na5
Qe6 22. c5 Nd7 23. b4 Nxb6 24. cxb6 Qxb6 25. Qxe5 Bf6 26. Qxh5 Rc2 27. Qf5 Qc7
28. Re1 Rc1 29. Qe4 Rxe1+ 30. Qxe1 b6 31. Qe8+ Kh7 32. Qc6 Qd8 33. Nc4 Qd1+ 34.
Kh2 Qc2 35. f3 b5 36. Na5 Be5+ 37. Kg1 Qd1+ 38. Kf2 Qd2+ 39. Kf1 Qd1+ 40. Kf2
Qd4+ 41. Ke2 Qb2+ 42. Kd1 g6 43. Qd5 Bg7 44. Qxf7 Qxg2 45. Nb7 Qf1+ 46. Kd2 Qa1
47. Qb3 Qd4+ 48. Ke2 Qe5+ 49. Qe3 Qh2+ 50. Qf2 Qe5+ 51. Qe3 Qh2+ 52. Qf2 Qf4 53.
Qe3 Qc4+ 54. Qd3 Qe6+ 55. Qe4 Qxh3 56. Nc5 Qg2+ 57. Ke3 Qb2 58. Qd3 Bh6+ 59. Ke4
Bg7 60. f4 Qg2+ 61. Qf3 Qc2+ 62. Qd3 Qg2+ 63. Qf3 Qc2+ 64. Qd3 Qg2+ 1/2-1/2

[Event "London Classic Open 2017"]
[Site "London ENG"]
[Date "2017.12.08"]
[Round "8.44"]
[White "Rocco, Federico"]
[Black "Murphy, Conor E"]
[Result "1/2-1/2"]
[BlackTitle "FM"]
[WhiteElo "2120"]
[BlackElo "2313"]
[WhiteFideId "431362"]
[BlackFideId "421669"]
[EventDate "2017.12.02"]

1. e4 c5 2. Nf3 e6 3. d4 cxd4 4. Nxd4 Nc6 5. Nc3 Qc7 6. g3 a6 7. Bg2 h5 8. O-O
h4 9. Re1 Nf6 10. Nd5 exd5 11. exd5+ Ne5 12. Rxe5+ Qxe5 13. Bf4 Qh5 14. Qe1+ Be7
15. d6 O-O 16. dxe7 Re8 17. Bd6 hxg3 18. hxg3 Ra7 19. Qe3 b6 20. Re1 Bb7 21.
Bxb7 Rxb7 22. Qf4 Qg4 23. Qe5 b5 24. Nf5 Rb6 25. Nd4 Qh5 26. Nf5 Rc6 27. Qf4 Qg4
28. Qe5 Qg6 29. c3 Ng4 30. Qf4 Nh6 31. Nxh6+ Qxh6 32. Qxh6 gxh6 33. Ba3 d6 34.
Kg2 Kg7 35. f4 Kf6 36. g4 Kg6 37. Kf3 f6 38. Re6 Kf7 39. Rxd6 Rxd6 40. Bxd6 Ke6
41. Ba3 Kd5 42. f5 h5 43. gxh5 Ke5 44. h6 Kxf5 45. h7 Rh8 46. Ke3 Ke6 47. Ke4
Kf7 48. Kd5 Rxh7 49. Kd6 Ke8 50. Ke6 Rf7 51. Kf5 Kd7 52. Kg6 Rxe7 53. Bxe7 Kxe7
54. Kf5 Kf7 55. b3 Ke7 56. a3 a5 57. a4 bxa4 58. bxa4 Kf7 59. c4 Ke7 60. c5 Kd7
61. Kxf6 Kc6 62. Ke5 Kxc5 63. Ke4 1/2-1/2

[Event "London Classic Open 2017"]
[Site "London ENG"]
[Date "2017.12.08"]
[Round "8.45"]
[White "Derakhshani, Borna"]
[Black "Pein, Jonathan"]
[Result "1-0"]
[WhiteTitle "FM"]
[WhiteElo "2298"]
[BlackElo "2165"]
[WhiteFideId "12518450"]
[BlackFideId "417092"]
[EventDate "2017.12.02"]

1. d4 Nf6 2. Bf4 g6 3. Nc3 d5 4. Qd2 Bg7 5. Bh6 O-O 6. Bxg7 Kxg7 7. e3 c5 8.
dxc5 Nc6 9. O-O-O Qa5 10. Bb5 Nb4 11. a3 Na2+ 12. Nxa2 Qxb5 13. Qd4 Be6 14. Nc3
Qc6 15. Nge2 Rfc8 16. Nf4 Qxc5 17. Qe5 b5 18. Qxe6 Qxc3 19. bxc3 fxe6 20. Nxe6+
Kf7 21. Ng5+ Kg7 22. Kb2 Rc6 23. e4 Rac8 24. exd5 Rxc3 25. Rd2 h6 26. Ne6+ Kf7
27. Re1 Nd7 28. Nd8+ Kf8 29. Nc6 R3xc6 30. dxc6 Nb6 31. Rd7 Nxd7 32. cxd7 Rd8
33. Rd1 e6 34. Kb3 Ke7 35. Kb4 a6 36. Ka5 Rxd7 37. Rxd7+ Kxd7 38. Kxa6 Kc6 39.
Ka5 Kc5 40. c3 e5 41. f3 g5 42. g4 h5 43. gxh5 g4 44. fxg4 e4 45. h6 e3 46. h7
e2 47. h8=Q e1=Q 48. Qc8+ Kd6 49. Qd8+ Kc6 50. Qb6+ 1-0

[Event "London Classic Open 2017"]
[Site "London ENG"]
[Date "2017.12.08"]
[Round "8.46"]
[White "Voss, Gunther"]
[Black "Vignesh, B"]
[Result "0-1"]
[WhiteElo "2118"]
[BlackElo "2287"]
[WhiteFideId "4683234"]
[BlackFideId "5073600"]
[EventDate "2017.12.02"]

1. e4 e6 2. d4 d5 3. Nc3 Nf6 4. e5 Nfd7 5. Nf3 Be7 6. Bd3 c5 7. dxc5 Nc6 8. Qe2
Nxc5 9. Bf4 Qb6 10. O-O Bd7 11. a3 Nxd3 12. Qxd3 a6 13. Rfe1 Rc8 14. Bg5 Bc5 15.
Bh4 Nd4 16. Rab1 Nf5 17. Qd2 Nxh4 18. Nxh4 a5 19. Nf3 O-O 20. Rf1 f6 21. b4 axb4
22. axb4 Be7 23. Rfe1 Kh8 24. Nd1 Be8 25. c3 Bg6 26. Rc1 Be4 27. exf6 Bxf6 28.
Ng5 Bf5 29. Nf3 h6 30. Ne3 Be4 31. Nd4 Bh4 32. Nd1 e5 33. Nb3 Qg6 34. g3 Bg5 35.
Ne3 Qf7 36. Nc5 Rxc5 37. bxc5 Qf3 38. Kf1 Qh1+ 39. Ke2 Rxf2+ 0-1

[Event "London Classic Open 2017"]
[Site "London ENG"]
[Date "2017.12.08"]
[Round "8.47"]
[White "Merriman, John"]
[Black "Pedersen, Carsten"]
[Result "1-0"]
[WhiteElo "2263"]
[BlackElo "2144"]
[WhiteFideId "402362"]
[BlackFideId "1409760"]
[EventDate "2017.12.02"]

1. d4 Nf6 2. c4 Nc6 3. Nf3 e6 4. e3 Bb4+ 5. Nbd2 d6 6. Be2 O-O 7. O-O Bxd2 8.
Qxd2 e5 9. d5 Ne7 10. b3 a5 11. a3 Ne4 12. Qc2 Nc5 13. Nd2 f5 14. f4 Ng6 15. Bb2
Bd7 16. g3 Qe7 17. Qc3 b6 18. Rae1 e4 19. Qc2 Rfc8 20. Nb1 Be8 21. Nc3 Nd7 22.
Nb5 Nf6 23. Nd4 Bd7 24. Ra1 Qf7 25. Bc3 Ne7 26. Rfd1 Qg6 27. Bf1 h5 28. Qg2 Kf7
29. b4 a4 30. b5 h4 31. gxh4 Rh8 32. Be1 Ng4 33. Nc2 Rh6 34. Rd2 Qh7 35. Be2 Nf6
36. Nd4 Ng6 37. h5 Nxh5 38. Ne6 Bxe6 39. dxe6+ Kxe6 40. c5 bxc5 41. b6 cxb6 42.
Rb1 Rb8 43. Bc4+ Kd7 44. Bb5+ Ke7 45. Rxd6 Nf8 46. Rd5 Ne6 47. Bh4+ Nf6 48. Rd7+
Kf8 49. Bxf6 Rxf6 50. Qd2 Kg8 51. Bc4 Qh4 52. Qg2 Qh6 53. Kh1 Kh8 54. Rg1 g6 55.
Qb2 Nd4 56. exd4 Qxf4 57. Rg3 1-0

[Event "London Classic Open 2017"]
[Site "London ENG"]
[Date "2017.12.08"]
[Round "8.48"]
[White "Marzano, Carlo"]
[Black "Hand, Freddie"]
[Result "1-0"]
[WhiteElo "2261"]
[BlackElo "2139"]
[WhiteFideId "802980"]
[BlackFideId "436950"]
[EventDate "2017.12.02"]

1. d4 d5 2. c4 c6 3. Nf3 Nf6 4. Nc3 dxc4 5. e3 b5 6. a4 b4 7. Nb1 Ba6 8. Be2 e6
9. O-O Be7 10. Nbd2 O-O 11. Nxc4 Nbd7 12. b3 c5 13. Bb2 Rc8 14. Rc1 cxd4 15.
Bxd4 Bc5 16. Bb2 Nd5 17. Nfe5 Nxe5 18. Nxe5 Nc3 19. Bxa6 Nxd1 20. Rfxd1 Qe7 21.
Bxc8 Rxc8 22. Bd4 h6 23. Nd3 e5 24. Bxc5 Qe6 25. Bxb4 Rb8 26. Nc5 Qg4 27. Be1
Rc8 28. b4 e4 29. h3 Qf5 30. Nb3 Rxc1 31. Rxc1 Qd5 32. Nd4 Kh7 33. b5 Qa2 34. a5
Qa4 35. Rb1 Qa2 36. Rb3 Qa1 37. Kf1 1-0